| 000 | 00516nam a22001697a 4500 | ||
|---|---|---|---|
| 999 |
_c8630 _d8630 |
||
| 008 | 201209b ||||| |||| 00| 0 eng d | ||
| 040 | _aBMS College of Architecture | ||
| 100 | _aBalachandran, Meghna | ||
| 245 | _aTeri eastern regoinal centre | ||
| 300 | _a39p. | ||
| 500 | _a1BM12AT040 | ||
| 502 |
_8B,Arch _NBMS College of Architecture, Visvesvaraya Technological University (VTU) _aProject report _d2016 |
||
| 650 | _aNA | ||
| 700 |
_aRiju C Thomas _eGuide |
||
| 700 |
_aRadhika Kak _eGuide |
||
| 942 |
_2ddc _cTHE |
||